| 000 | 00941nam a22002537a 4500 | ||
|---|---|---|---|
| 008 | 081205t xxu||||| |||| 00| 0 eng d | ||
| 010 | _aENG-92032 | ||
| 020 | _c240.00 | ||
| 035 | _aEN-75565 | ||
| 037 | _bDBAD / PUB | ||
| 040 |
_adpl _bEnglish |
||
| 082 | _a658.15 | ||
| 100 | _aVivek | ||
| 245 |
_aFinancial risk management / _cby Vivek (and) P.N. Asthana |
||
| 260 |
_aNew Delhi _bHimalaya Publishing House _c2009 |
||
| 270 |
_aPooja Apartment, 4-B, Murari Lal Street, Ansari Road, Daryaganj _bNew Delhi _e110002 |
||
| 300 |
_a389p. _c23cm (pbk) |
||
| 500 | _aIncludes index | ||
| 650 |
_aBusiness enterprises _xFinance |
||
| 650 | _aFinancial risk management | ||
| 700 | _aAsthana, P.N. | ||
| 942 |
_2ddc _cEN _mVIV _h658.15 |
||
| 999 |
_c19541 _d19541 |
||